Nghệ thuật truyện ngắn Nguyễn Huy Thiệp qua Con gái thủy thần
Truyện ngắn Nguyễn Huy Thiệp – Một hiện tượng độc đáo của văn học Việt Nam đương đại. Đặc sắc về thế giới hình tượng trong Con gái thủy thần. Đặc sắc về ngôn ngữ và giọng điệu nghệ thuật trong Con gái thủy thần
Enregistré dans:
| Auteur principal: | |
|---|---|
| Autres auteurs: | |
| Format: | Livre |
| Langue: | Vietnamese |
| Publié: |
Đà Nẵng
Đại học Sư phạm, Đại học Đà Nẵng
2012
|
| Sujets: | |
| Tags: |
Ajouter un tag
Pas de tags, Soyez le premier à ajouter un tag!
|
| Thư viện lưu trữ: | Mạng thư viện Đại học Đà Nẵng |
|---|
| LEADER | 01852nam a2200349 4500 | ||
|---|---|---|---|
| 001 | 000017018 | ||
| 003 | 13429 | ||
| 005 | 20130118110106.0 | ||
| 008 | 130118s2012 viesd | ||
| 041 | 0 | |a vie | |
| 082 | |a 895.9223 |b LÊ-A | ||
| 100 | 1 | |a Lê Thị Ánh | |
| 245 | |a Nghệ thuật truyện ngắn Nguyễn Huy Thiệp qua Con gái thủy thần |c Lê Thị Ánh ; Nguyễn Phong Nam hướng dẫn |k Khóa luận tốt nghiệp | ||
| 260 | |a Đà Nẵng |b Đại học Sư phạm, Đại học Đà Nẵng |c 2012 | ||
| 300 | |a 61 tr. |c 29 cm. |e Đĩa CD, tài liệu tóm tắt | ||
| 500 | |a Khóa luận tốt nghiệp đại học. Chuyên ngành: Cử nhân văn học | ||
| 504 | |a Mục lục đầu trang, tài liệu tham khảo tr. 73 - 74, phụ lục [13 tr.] | ||
| 520 | |a Truyện ngắn Nguyễn Huy Thiệp – Một hiện tượng độc đáo của văn học Việt Nam đương đại. Đặc sắc về thế giới hình tượng trong Con gái thủy thần. Đặc sắc về ngôn ngữ và giọng điệu nghệ thuật trong Con gái thủy thần | ||
| 600 | 1 | 4 | |a Nguyễn Huy Thiệp |b Vua |c Đinh Tiên Hoàng |d 1950- |t Con gái thủy thần |
| 650 | 0 | 4 | |a Truyện ngắn Việt Nam |v Khóa luận tốt nghiệp |x Nghiên cứu |
| 653 | |a Truyện ngắn |a Khoa Ngữ văn | ||
| 700 | |a Nguyễn Phong Nam |c PGS.TS |e Hướng dẫn | ||
| OWN | |a LSP | ||
| AVA | |a UDN50 |b LSP |d 895.9223 LÊ-A |e available |t Error 5001 Not defined in file expand_doc_bib_avail. |f 1 |g 0 |h N |i 0 |k 1 | ||
| 999 | |a From the UDN01 | ||
| AVA | |a UDN50 |b LSP |d 895.9223 LÊ-A |e available |t Error 5001 Not defined in file expand_doc_bib_avail. |f 1 |g 0 |h N |i 0 |k 1 | ||
| TYP | |a Monograph | ||
| TYP | |a Printed language | ||
| 980 | |a Mạng thư viện Đại học Đà Nẵng | ||